| 000 | 00688nam a2200169 a 4500 | ||
|---|---|---|---|
| 008 | 120416s1989 ||||||||||||||||| || u | ||
| 020 | _a9154093392 | ||
| 050 | _aHD 7287.82.B52G3 Lar | ||
| 100 | _aLarsson, Anita | ||
| 245 | 1 | 0 | _aWomen householders and housing strategies: the case of Gaborone, Botswana |
| 260 |
_aStockholm: _bThe National Swedish Institute for Build _c1989 |
||
| 350 | _a0.00 | ||
| 650 | _aWOMEN HEADS OF HOUSEHOLDS--BOTSWANA | ||
| 650 | _aWOMEN--HOUSING--BOTSWANA, GABORONE | ||
| 650 | _aHOUSING | ||
| 995 |
_D0.00 _FCBU-MAIN LIBRARY (Kitwe) _H1 _I10.00 _M1 _UAVAILABLE _ZMain Library Open Access Collection |
||
| 999 |
_c61842 _d61842 |
||